书目信息 |
| 题名: |
新会计大战
|
|
| 作者: | 林柄沧 , 林柄沧 编著 | |
| 分册: | ||
| 出版信息: | 北京 中国时代经济出版社 2003 |
|
| 页数: | 376页 | |
| 开本: | 20cm | |
| 丛书名: | ||
| 单 册: | ||
| 中图分类: | F233.1 | |
| 科图分类: | ||
| 主题词: | 会计师事务所--概况--世界 | |
| 电子资源: | ||
| ISBN: | 7-80169-363-9 | |
| 000 | 01104nam0 2200325 450 | |
| 000 | 01069nam0 2200313 450 | |
| 000 | 01032nam0 2200301 450 | |
| 000 | 00938nam0 2200289 450 | |
| 000 | 00901nam0 2200277 450 | |
| 000 | 00834nam0 2200253 450 | |
| 001 | 0104000022 | |
| 005 | 20061024100321.28 | |
| 010 | @a7-80169-363-9@dCNY26.00 | |
| 100 | @a20050927d2003 em y0chiy0110 ea | |
| 101 | 0 | @achi |
| 102 | @aCN@b110000 | |
| 105 | @ay z 000yy | |
| 200 | 1 | @a新会计大战@Axin kuai ji da zhan@f林柄沧编著@Flin bing cang bian zhu |
| 210 | @a北京@c中国时代经济出版社@d2003 | |
| 215 | @a376页@d20cm | |
| 306 | @a台湾林柄沧授权出版 | |
| 330 | @a本书重点包括大战导火线——安然破产、自作孽不可活——安达信妨碍司法、安然效应——股市风声鹤唳以及会计危机——如何重建投资人信心等。 | |
| 606 | 0 | @a会计师事务所@x概况@y世界 |
| 690 | @aF233.1@v4 | |
| 701 | 0 | @a林柄沧@9lin bing cang@4编著 |
| 701 | 0 | @a林柄沧@Alin bing cang@4编著 |
| 801 | 0 | @aCN@b北京荣雅伟业图书经销中心@c20061024 |
| 905 | @aBZT@dF233.1@e1 | |
| 906 | @dCNY26.00@n0@r1 | |
| 新会计大战/林柄沧编著.-北京:中国时代经济出版社,2003 |
| 376页;20cm |
| ISBN 7-80169-363-9:CNY26.00 |
| 本书重点包括大战导火线——安然破产、自作孽不可活——安达信妨碍司法、安然效应——股市风声鹤唳以及会计危机——如何重建投资人信心等。 |
| ● |
| 相关链接 |
|
|
|
正题名:新会计大战
索取号:F233.1/1
 
预约/预借
| 序号 | 登录号 | 条形码 | 馆藏地/架位号 | 状态 | 备注 |
| 1 | 508376 | 230067342 | 中心书库北库/ 北库008架B面1列5层14/ [索取号:F233.1/1] | 在馆 | |
| 2 | 508377 | 230067341 | 中心书库北库/ 北库008架B面1列5层15/ [索取号:F233.1/1] | 在馆 | |
| 3 | 508378 | 230067340 | 中心书库北库/ 北库008架B面1列5层13/ [索取号:F233.1/1] | 在馆 | |
| 4 | 508379 | 230067339 | 中心书库北库/ 北库008架B面1列5层11/ [索取号:F233.1/1] | 在馆 | |
| 5 | 508380 | 230067338 | 中心书库北库/ 北库008架B面1列5层12/ [索取号:F233.1/1] | 在馆 |